| 000 | 00527ntaaa2200193 4500 | ||
|---|---|---|---|
| 003 | 01 | ||
| 005 | 20251027202325.0 | ||
| 008 | 0714s1973 ag 01 | ||
| 040 |
_aAR-BaBN _bspa _cAR-BaBN _eaacr _dRIC |
||
| 082 | _a290.0000 Im7 | ||
| 100 |
_aImpaglione, H.A. _921834 |
||
| 245 | _aQué es Dios? | ||
| 250 | _a1 ed. | ||
| 260 |
_aBuenos Aires : _bEditorial "La Mandrágora", _c1956 |
||
| 300 | _a95 p | ||
| 500 | _aUn estudio de las once principales religiones vivientes | ||
| 650 |
_areligiones comparadas _93333 |
||
| 942 | _cBK | ||
| 999 |
_c18066 _d18066 |
||